00380nam a22001457a 4500003000900000005001700009008003800026020001500064040002200079082001500101100001600116245004300132260003600175300002300211DO-SdBNP20171205110526.0161031b 1985 sp 00| 0 spa d a8470350781 aBPMSUbspacBPMSU axxxxbxxxx1 aBaroja, Pio10aDivagaciones apasionadas /cPio Baroja aMadrid : bCaro Raggio, c1985. a175 p. : c20 cm.